| 000 | 006650000a22002290004500 | ||
|---|---|---|---|
| 003 | LK-CoMWRAF | ||
| 005 | 20230923205657.0 | ||
| 008 | 230817t ||||| |||| 00| 0 eng d | ||
| 020 | _a0907261094 | ||
| 040 |
_aLK-CoMWRAF _dLK-CoMWRAF _eLK-CoMWRAF |
||
| 041 | _aeng | ||
| 082 |
_a297.382 _bSAR |
||
| 100 | _aSarwar, Ghulam | ||
| 245 | _aThe Children's book of Salah | ||
| 250 | _a2nd Edition | ||
| 260 |
_aLondon : _bThe Muslim educational trust, _c1984 |
||
| 300 | _a62p. : ill. ; 21cm. | ||
| 650 | _aPrayer -- Islam -- Juvenile literature | ||
| 650 | _a Koran -- Study and teaching | ||
| 650 | _aKoran -- Theology -- Juvenile literature | ||
| 942 | _cBK | ||
| 999 |
_c1929 _d1929 |
||